<?xml version="1.0" encoding="UTF-8"?>
<record
    xmlns:xsi="http://www.w3.org/2001/XMLSchema-instance"
    xsi:schemaLocation="http://www.loc.gov/MARC21/slim http://www.loc.gov/standards/marcxml/schema/MARC21slim.xsd"
    xmlns="http://www.loc.gov/MARC21/slim">

  <leader>01109nam a2200229 a 4500</leader>
  <controlfield tag="001">000041309</controlfield>
  <controlfield tag="005">20201002034757.0</controlfield>
  <controlfield tag="008">130930s2000    sp            000 0 spa d</controlfield>
  <datafield tag="020" ind1=" " ind2=" ">
    <subfield code="a">840007873X</subfield>
  </datafield>
  <datafield tag="040" ind1=" " ind2=" ">
    <subfield code="a">DO-SdBNP</subfield>
    <subfield code="b">spa</subfield>
    <subfield code="c">BNPHU</subfield>
  </datafield>
  <datafield tag="041" ind1="1" ind2="7">
    <subfield code="a">cat.</subfield>
    <subfield code="2">spa</subfield>
    <subfield code="b">ital.</subfield>
  </datafield>
  <datafield tag="111" ind1="2" ind2=" ">
    <subfield code="a">Col.loqui Internacional " De l'esclavitud a la llibertat"</subfield>
    <subfield code="d">(1999 :27-29 de maig</subfield>
    <subfield code="c">Barcelona)</subfield>
    <subfield code="9">67928</subfield>
  </datafield>
  <datafield tag="245" ind1="1" ind2="0">
    <subfield code="a">De L' Esclavitud a la Llibertad :</subfield>
    <subfield code="b">esclaus i lliberts a l'edat mitjana : actes del Col.loqui Internacional celebrat a Barcelona, del 27 al 29 de maig de 1999 /</subfield>
    <subfield code="c">editores Mar&#xED;a Teresa Ferrer i Mallol, Josefina Mutg&#xE9; i Vives.</subfield>
  </datafield>
  <datafield tag="260" ind1=" " ind2=" ">
    <subfield code="a">Barcelona :</subfield>
    <subfield code="b">Instituci&#xF3; Mil&#xE0; i Fontanals,</subfield>
    <subfield code="c">2000.</subfield>
  </datafield>
  <datafield tag="490" ind1="1" ind2=" ">
    <subfield code="a">Anuario de Estudios Medievales. Anexo ;</subfield>
    <subfield code="v">38</subfield>
  </datafield>
  <datafield tag="504" ind1=" " ind2=" ">
    <subfield code="a">Incluye referencias bibliogr&#xE1;ficas y notas al pie de las p&#xE1;ginas</subfield>
  </datafield>
  <datafield tag="546" ind1=" " ind2=" ">
    <subfield code="a">Ponencias en catal&#xE1;n, espa&#xF1;ol e italiano</subfield>
  </datafield>
  <datafield tag="700" ind1="1" ind2=" ">
    <subfield code="a">Ferrer i Mallol, Mar&#xED;a Teresa,</subfield>
    <subfield code="e">ed</subfield>
    <subfield code="9">67929</subfield>
  </datafield>
  <datafield tag="700" ind1="1" ind2=" ">
    <subfield code="a">Mutg&#xE9; Vives, Josefa,</subfield>
    <subfield code="e">ed.</subfield>
    <subfield code="9">67930</subfield>
  </datafield>
  <datafield tag="710" ind1="2" ind2=" ">
    <subfield code="a">Instituci&#xF3; Mil&#xE0; i Fontanals</subfield>
    <subfield code="9">63806</subfield>
  </datafield>
  <datafield tag="830" ind1=" " ind2="0">
    <subfield code="a">Anuario de Estudios Medievales. Anexo</subfield>
    <subfield code="n">38</subfield>
    <subfield code="9">67931</subfield>
  </datafield>
  <datafield tag="952" ind1=" " ind2=" ">
    <subfield code="0">0</subfield>
    <subfield code="1">0</subfield>
    <subfield code="5">0</subfield>
    <subfield code="7">1</subfield>
    <subfield code="8">MO</subfield>
    <subfield code="a">GR</subfield>
    <subfield code="b">GR</subfield>
    <subfield code="c">CT</subfield>
    <subfield code="d">2013-09-30</subfield>
    <subfield code="i">LF1</subfield>
    <subfield code="l">0</subfield>
    <subfield code="o"> </subfield>
    <subfield code="p">41309-10</subfield>
    <subfield code="r">2020-06-25</subfield>
    <subfield code="w">2020-06-25</subfield>
    <subfield code="y">1</subfield>
    <subfield code="Z">No se presta</subfield>
  </datafield>
  <datafield tag="999" ind1=" " ind2=" ">
    <subfield code="c">40799</subfield>
    <subfield code="d">40799</subfield>
  </datafield>
</record>
